| 000 | 00461nam a2200193Ia 4500 | ||
|---|---|---|---|
| 005 | 20230328083906.0 | ||
| 008 | 131103s9999 xx 000 0 und d | ||
| 020 |
_a81 7079 599 0 _cRs.30.00 |
||
| 040 | _aLoreto College | ||
| 041 | _aEnglish | ||
| 082 |
_a891.443 _bMIT |
||
| 100 | _aMitra, Jaya | ||
| 245 |
_aHannaman _cJaya Mitra |
||
| 260 |
_aCalcutta _bDey' s _c1994 |
||
| 300 | _a136p. | ||
| 650 | _aBengali fiction | ||
| 850 | _aLCLIB | ||
| 942 | _cBK | ||
| 999 |
_c22925 _d73404 |
||